000 00598nam a2200217Ia 4500
005 20250506172918.0
008 008 250505s9999 xx 000 0 eng d
020 _a9789390644889
037 _aTB
040 _aILCL
_beng
_cILCL
041 _aeng
_2eng
082 _qILCL
084 _aY:44:(Z2) R2
100 _aGupta, Kalpesh Kumar (Ed.)
_9754745
245 0 _aLandmark Judgements on Public Interest Litigation
260 _aDelhi
_bLaw and Justice Publishing Company
_c2022
300 _axxvi,613p.
365 _aINR
942 _cTB
_2Colon Classification
999 _c1312658
_d1312658